000 00319nam a2200145Ia 4500
100 _aRibar/ L.J.
942 _cBK
654 _aWindows
245 _aFortran Programming for Windows
260 _bOsborne Mc graw Hill
_aCalifornia
_c1993
082 _a001.6424 F
300 _a238
546 _aENGLISH
999 _c34387
_d34387